| 000 | 00467nam a22001817a 4500 | ||
|---|---|---|---|
| 003 | CEME | ||
| 005 | 20210628210500.0 | ||
| 008 | 210208b xxu||||| |||| 00| 0 eng d | ||
| 020 | _a0-201-05995-9 | ||
| 040 | _c. | ||
| 082 | _a510 PRO | ||
| 100 |
_aMorrey, Charles.B Protter, Murray.H _979571 |
||
| 245 | _aModern mathematical analysis | ||
| 260 |
_aNEW YORK _bADDISON WESLEY _c1964 |
||
| 300 | _a790P | ||
| 650 |
_aMATHEMATICAL ANALYSIS _9198 |
||
| 942 |
_cBK _2ddc |
||
| 999 |
_c584596 _d584596 |
||